| 000 | 00392nam a2200109Ia 4500 | ||
|---|---|---|---|
| 008 | 171211s9999 xx 000 0 und d | ||
| 245 | _aDistributed Computing: 27th International Symposium, DISC 2013, Jerusalem, Israel, October 14-18, 2013, Proceedings | ||
| 245 | _cYehuda Afek | ||
| 260 | _c2013 | ||
| 650 | _xINFORMATION TECHNOLOGIES | ||
| 856 | _uhttp://down.ebook777.com/064/3642415261.pdf | ||
| 999 |
_c349708 _d349708 |
||